1337 1336 1745 1794 1551 1246 1758 1425 1482 1191 1729 1985 1564 1687 1369 1324 1499 1546 1141 1795 1062 1410 1387 1706 1008 1460 1587 1941 1101 1759 1333 1177 1744 1075 1062 1577 1913 1945 1822 1168 1548 1567 1074 1286 1135 1647 1127 1300 1546 1755 1246 1734 1318 1458 1329 1971 1255 1012 1045 1506 1342 1649 1976 1339 1325 1131 1426 1730 1543 1885 1814 1750 1392 1400 1060 1618 1058 1873 1216 1557 1306 1113 1552 1477 1030 1968 1216 1915 1479 1045 1221 1943 1930 1314 1026 1687 1559 1065 1644 BCNSPRNW ULIB Ver.6.0+V

เปลี่ยนเป็นภาษาไทย

Change to English
 แสดงรายละเอียดบรรณานุกรม
  กลับหน้าหลัก

Brief Record : Get Marc (ISO 2709) : E-mail record : QR code < ปิดหน้าต่าง
LEADER : 00000nam 2200000uu 4500
001    13399120628
003     ULIB
008    020711s2551 th a 000 0 tha d
020    9789742367688
050  4 AC158^bท124ม
100    ทรงกลด บางยี่ขัน
245    หมอก /^cทรงกลด บางยี่ขัน
260    กรุงเทพฯ :^bอะบุ๊ก,^c2551
300    264 หน้า
945    ^p160^l0^i15739
999    ^aทศพร เกษรทอง
รายการนี้ยังไม่มีแท็ก
คุณยังไม่ได้ล็อกอิน คุณสามารถมีกิจกรรมร่วมกับเว็บไซต์ได้ แต่ต้องล็อกอินก่อน ::
  ล็อกอิน

รายการสื่อสารสนเทศ

ลำดับที่ ประเภท เลขเรียก/บาร์โค้ด สถานที่ สถานะ
1. วิทยาศาสตร์การแพทย์ และสุขภาพ
วิทยาศาสตร์การแพทย์ และสุขภาพ
AC158 ท124ม ฉ.1 
  Barcode: 15739
ห้องสมุดวิทยาเขตสวรรค์ประชารักษ์
►หนังสือทั่วไป
บนชั้น

รายการใกล้เคียง
    ผู้แต่ง [ทรงกลด บางยี่ขัน]

BibComment


ยังไม่เคยถูกคอมเมนท์

คอมเมนท์ทรัพยากรรายการนี้
  คอมเมนท์: หมอก ทรงกลด บางย..


 Copyright 2026. Bcnsprnw @Library